[Event "ISL-chT 1516"]
[Site "Reykjavik"]
[Date "2015.09.27"]
[Round "5.4"]
[White "Thorarinsson, Pall A"]
[Black "Jonsson, Jon Arni"]
[Result "1-0"]
[WhiteElo "2252"]
[BlackElo "2063"]
[PlyCount "55"]
[EventDate "2015.09.24"]
[EventType "team-tourn"]
[EventRounds "9"]
[EventCountry "ISL"]
[SourceTitle "EXT 2017"]
[Source "ChessBase"]
[SourceDate "2016.10.25"]
[SourceVersion "1"]
[SourceVersionDate "2016.10.25"]
[SourceQuality "1"]
[WhiteTeam "The Viking"]
[BlackTeam "Akureyri II"]
[WhiteTeamCountry "ISL"]
[BlackTeamCountry "ISL"]

1. d4 e6 2. c4 d5 3. Nc3 Nf6 4. cxd5 exd5 5. Bg5 c6 6. e3 Be7 7. Qc2 h6 8. Bh4 0-0 9. Bd3 Re8 10. Nf3 Be6 11. 0-0 Nbd7 12. Rab1 Rc8 13. b4 b5 14. a4 a5 15. Bxf6 Nxf6 16. Na2 axb4 17. axb5 c5 18. dxc5 Bxc5 19. Qb2 d4 20. exd4 Bxd4 21. Qxd4 Bxa2 22. Rxb4 Bd5 23. Bf5 Rb8 24. Ne1 Qa5 25. Bd3 Be4 26. Qb2 Bxd3 27. Nxd3 Red8 28. Ne5 1-0

[Event "ISL-chT 1516"]
[Site "Reykjavik"]
[Date "2015.09.26"]
[Round "4.3"]
[White "Ragnarsson, Dagur"]
[Black "Jonsson, Jon Arni"]
[Result "1/2-1/2"]
[WhiteElo "2272"]
[BlackElo "2063"]
[PlyCount "62"]
[EventDate "2015.09.24"]
[EventType "team-tourn"]
[EventRounds "9"]
[EventCountry "ISL"]
[SourceTitle "EXT 2017"]
[Source "ChessBase"]
[SourceDate "2016.10.25"]
[SourceVersion "1"]
[SourceVersionDate "2016.10.25"]
[SourceQuality "1"]
[WhiteTeam "Fjolnir"]
[BlackTeam "Akureyri II"]
[WhiteTeamCountry "ISL"]
[BlackTeamCountry "ISL"]

1. d4 e6 2. c4 d5 3. Nc3 Nf6 4. Nf3 c6 5. Qd3 Nbd7 6. e4 dxe4 7. Nxe4 Nxe4 8. Qxe4 Bb4+ 9. Bd2 Qa5 10. 0-0-0 Bxd2+ 11. Nxd2 Qxa2 12. Bd3 Qa5 13. f4 Nf6 14. Qe3 Bd7 15. g4 0-0-0 16. g5 Ne8 17. Kc2 Kb8 18. Ra1 Qc7 19. c5 Bc8 20. Ra4 b5 21. cxb6 axb6 22. Rha1 Bb7 23. Ba6 c5 24. Qa3 Rxd4 25. Bc4 Qxf4 26. Ra8+ Kc7 27. Bd3 Qe3 28. Nc4 Qf2+ 29. Nd2 Qe3 30. Nc4 Qf2+ 31. Nd2 Qe3 1/2-1/2

[Event "ISL-chT2 1011"]
[Site "Reykjavik"]
[Date "2011.03.05"]
[Round "6.4"]
[White "Jonsson, Jon Arni"]
[Black "Kristinsson, Grimur Bjorn"]
[Result "1-0"]
[WhiteElo "2087"]
[BlackElo "1949"]
[PlyCount "59"]
[EventDate "2010.10.08"]
[EventType "team"]
[EventRounds "7"]
[EventCountry "ISL"]
[SourceTitle "EXT 2014"]
[Source "ChessBase"]
[SourceDate "2013.11.20"]
[SourceVersion "1"]
[SourceVersionDate "2013.11.20"]
[SourceQuality "1"]

1. e4 c6 2. d4 d5 3. f3 e6 4. Nc3 Nf6 5. Bg5 Be7 6. Qd2 b6 7. 0-0-0 Bb7 8. e5 Nfd7 9. Bxe7 Qxe7 10. f4 Ba6 11. Nf3 Bxf1 12. Rhxf1 b5 13. g4 Nb6 14. Nb1 Nc4 15. Qe1 a5 16. Nbd2 Nb6 17. f5 N8d7 18. h4 h6 19. f6 gxf6 20. exf6 Qd6 21. g5 Nf8 22. Ne5 h5 23. Ndf3 Nbd7 24. Nxd7 Qxd7 25. Ne5 Qc7 26. Qc3 Rc8 27. Qc5 Rh7 28. Rde1 Qd8 29. g6 fxg6 30. f7+ 1-0